000 00671nam a2200181Ia 4500
008 151018s9999 xx 000 0 und d
082 _bRBASDV63320
_a891.463
100 _aनयनतारा देसाई
245 _aस्मृतीगंध जगन्मातेचा
250 _b1
260 _bविभासा पुस्तक महाल
_c2013
300 _a296
600 _aनयनतारा देसाई
630 _aस्मृतीगंध जगन्मातेचा
700 _aनयनतारा देसाई
730 _aस्मृतीगंध जगन्मातेचा
942 _cBOOK
999 _c1055663
_d1055660